[Event "India rating op"]
[Site "India"]
[Date "2019.02.03"]
[Round "10"]
[White "Bartakke, Amardeep S"]
[Black "Deshmukh, Nachiket"]
[Result "1-0"]
[WhiteElo "2134"]
[BlackElo "1587"]
[PlyCount "77"]
[EventDate "2019.02.03"]
[EventType "swiss"]
[EventRounds "11"]
[EventCountry "IND"]
[SourceTitle "EXT 2021"]
[Source "ChessBase"]
[SourceDate "2020.10.23"]
[SourceVersion "1"]
[SourceVersionDate "2020.10.23"]
[SourceQuality "1"]

1. e4 Nc6 2. Nf3 d6 3. d4 Nf6 4. Bd3 g6 5. h3 Bg7 6. Nc3 0-0 7. Bg5 e5 8. d5 Nb8 9. Qd2 c6 10. dxc6 bxc6 11. 0-0 Qc7 12. Bc4 Nbd7 13. Rad1 Nb6 14. Bb3 Ne8 15. Rfe1 Be6 16. Bh6 Bxb3 17. axb3 Nd7 18. Bg5 Nc5 19. Qe2 Ne6 20. Be3 Nf6 21. Rd2 Rfd8 22. Red1 Nh5 23. g3 Bf8 24. Ng5 Nhg7 25. h4 Be7 26. Rd3 Nxg5 27. Bxg5 f6 28. Bh6 Bf8 29. Qd2 Re8 30. Nb1 a5 31. Na3 a4 32. b4 Qa7 33. Nc4 Rad8 34. Nxd6 Bxd6 35. Rxd6 Qc7 36. Bxg7 Rxd6 37. Qxd6 Qxg7 38. Qxc6 h5 39. Qxe8+ 1-0